| 000 | 04010nam a22003975i 4500 | ||
|---|---|---|---|
| 005 | 20230718140505.0 | ||
| 006 | m|||||o||d|||||||| | ||
| 007 | cr || |||||||| | ||
| 008 | 220629t20191994nyu fo d z eng d | ||
| 020 | _a9781501740893 | ||
| 040 |
_aDE-B1597 _beng _cDE-B1597 _erda |
||
| 041 | 0 | _aeng | |
| 100 | 1 |
_aAtkinson, Clarissa W., _eauthor. _4aut _4http://id.loc.gov/vocabulary/relators/aut |
|
| 245 | 1 | 4 |
_aThe Oldest Vocation : _bChristian Motherhood in the Medieval West / _cClarissa W. Atkinson. |
| 264 | 1 |
_aIthaca, NY : _bCornell University Press, _c[2019] |
|
| 264 | 4 | _c©1994 | |
| 300 | _a1 online resource (294 p.) | ||
| 336 |
_atext _btxt _2rdacontent |
||
| 337 |
_acomputer _bc _2rdamedia |
||
| 338 |
_aonline resource _bcr _2rdacarrier |
||
| 347 |
_atext file _bPDF _2rda |
||
| 505 | 0 | 0 |
_tFrontmatter -- _tContents -- _tPreface -- _tAbbreviations -- _t1. Christian Motherhood: "Who Is My Mother?" -- _t2. Physiological Motherhood: The Wandering Womb -- _t3. Spiritual Motherhood: Extraordinary Women in the Early Middle Ages -- _t4. Theological Motherhood: The Virgin Mother of God -- _t5. "Mother of Love, Mother of Tears": Holiness and Families in the Later Middle Ages -- _t6. Motherhood Reformed: The Parson's Wife and Her Children -- _t7. The Construction of Motherhood -- _tWorks Cited -- _tIndex |
| 506 | 0 |
_funrestricted online access _2star |
|
| 520 | _aAccording to an old story, a woman concealed her sex and ruled as pope for a few years in the ninth century. Pope Joan was not betrayed by a lover or discovered by an enemy; her downfall came when she went into labor during a papal procession through the streets of Rome. From the myth of Joan to the experiences of saints, nuns, and ordinary women, The Oldest Vocation brings to life both the richness and the troubling contradictions of Christian motherhood in medieval Europe.After tracing the roots of medieval ideologies of motherhood in early Christianity, Clarissa W. Atkinson reconstructs the physiological assumptions underlying medieval notions about women's bodies and reproduction; inherited from Greek science and popularized through the practice of midwifery, these assumptions helped shape common beliefs about what mothers were. She then describes the development of "spiritual motherhood" both as a concept emerging out of monastic ideologies in the early Middle Ages and as a reality in the lives of certain remarkable women. Atkinson explores the theological dimensions of medieval motherhood by discussing the cult of the Virgin Mary in twelfth-century art, story, and religious expression. She also offers a fascinating new perspective on the women saints of the later Middle Ages, many of whom were mothers; their lives and cults forged new relationships between maternity and holiness. The Oldest Vocation concludes where most histories of motherhood begin-in early modern Europe, when the family was institutionalized as a center of religious and social organization.Anyone interested in the status of motherhood, or in women's history, the cultural history of the Middle Ages, or the history of religion will want to read this book. | ||
| 538 | _aMode of access: Internet via World Wide Web. | ||
| 540 |
_aThis eBook is made available Open Access under a CC BY-NC-ND 4.0 license: _uhttps://creativecommons.org/licenses/by-nc-nd/4.0 _uhttps://www.degruyter.com/dg/page/open-access-policy |
||
| 546 | _aIn English. | ||
| 588 | 0 | _aDescription based on online resource; title from PDF title page (publisher's Web site, viewed 29. Jun 2022) | |
| 650 | 4 | _aGender Studies. | |
| 650 | 4 | _aMedieval & Renaissance Studies. | |
| 650 | 7 |
_aHISTORY / Medieval. _2bisacsh |
|
| 856 | 4 | 0 |
_uhttps://doi.org/10.7591/9781501740893?locatt=mode:legacy _zOpen Access _70 |
| 856 | 4 | 0 |
_uhttps://www.degruyter.com/isbn/9781501740893 _zOpen Access _70 |
| 856 | 4 | 2 |
_3Cover _uhttps://www.degruyter.com/document/cover/isbn/9781501740893/original |
| 942 | _cE-BOOK | ||
| 999 |
_c72145 _d72144 |
||